Normal view
MARC view
- Social movements
Entry Topical Term
001 - CONTROL NUMBER
- control field: 15285
003 - CONTROL NUMBER IDENTIFIER
- control field: OSt
005 - DATE AND TIME OF LATEST TRANSACTION
- control field: 20260205124535.0
008 - FIXED-LENGTH DATA ELEMENTS
- fixed length control field: 260205|| aca||aabn | a|a d
040 ## - CATALOGING SOURCE
- Original cataloging agency: OSt
- Transcribing agency: OSt
150 ## - HEADING--TOPICAL TERM
- Topical term or geographic name entry element: Social movements
- Geographic subdivision: Chile
670 ## - SOURCE DATA FOUND
- Source citation: Work cat.: (OSt)6040: Paley, Julia, 1964- 15284, Marketing democracy :, c2001.